000 00546nam a2200181 i 4500
001 bg
100 1 _aGOŁASKI, Leszek
245 0 _aElementy doświadczalnej mechaniki pękania /
_cLeszek Gołaski ; Politechnika Świętokrzyska.
260 _aKielce :
_bDział Wydawnictw PŚ,
_c1992.
300 _a265 s. :
_brys., wykr. ;
_c24 cm.
500 _aPodręcznik akademicki.
504 _aBibliogr. s. 257-265.
040 _cBPK
041 _apol
080 _a621.01:539.3/.6](075.8)
942 _cKS
008 s pl f |000 0 pol
999 _c5397
_d5397
856 _uhttp://koha.tu.koszalin.pl/cgi-bin/koha/opac-detail.pl?biblionumber=5397
_yKatalog online BPK